000 00822nam a22002777a 4500
001 BR6006985
003 BR-BrBNA
005 20230928095638.0
007 ta
008 230509b bl.||||| |||| 00| 0 por d
040 _aBR-BrBNA
_bpor
_cBiblioteca Nacional de Agricultura
041 _a(Por)
072 _aL00; E70; E10
_b5300
090 _ 5300 BR6006985
100 1 _aMiranda, S.F. de
110 1 _aSecretaria da Agricultura, Belo Horizonte, MG (Brasil). Depto. de Estudos Rurais
_98340
245 1 _aEstrutura de producao e comercializacao da suinocultura do triangulo mineiro
260 3 _aBelo Horizonte, MG (Brasil):
_c1972.
300 _a32 p.
650 _aSuino
650 _aCriacao
650 _aComercializacao
650 _aMinas Gerais
909 _a202309
_bLucia
_c55
_dLucia Elande
942 _cBK
999 _c57846
_d57846